Produktivita práce ve vyspělých kapitalistických zemích

Gespeichert in:
Bibliographische Detailangaben
1. Verfasser: Žemlička, Petr
Format: Buch
Sprache:Tschechisch
Veröffentlicht: Praha Ústředí vědeckých, technických a ekonomických informací 1979
Tags: Tag hinzufügen
Keine Tags, Fügen Sie das erste Tag hinzu!

MARC

LEADER 00000nam a2200000 4500
001 c119224
005 20251031122507.8
041 0 |a cze 
044 |a CZ 
245 1 0 |a Produktivita práce ve vyspělých kapitalistických zemích  |c Petr Žemlička 
264 1 |a Praha  |b Ústředí vědeckých, technických a ekonomických informací  |c 1979 
300 |a 63 s. 
100 1 |a Žemlička, Petr